| 000 | 00514nam a2200181Ia 4500 | ||
|---|---|---|---|
| 008 | 090123s9999 xx 000 0 und d | ||
| 082 |
_b30700 _a891.463/राऊत |
||
| 100 | _aराऊत शोभा | ||
| 245 | _aआधारशीला | ||
| 250 | _a1 | ||
| 260 | _bसुकृत प्रकाशन | ||
| 300 | _a152 | ||
| 600 | _aराऊत शोभा | ||
| 630 | _aआधारशीला | ||
| 700 | _aराऊत शोभा | ||
| 730 | _aआधारशीला | ||
| 942 | _cBOOK | ||
| 999 |
_c67277 _d67277 |
||